Sexualidad y educación: abriendo caminos
La educación sexual ha de realizarse teniendo en cuenta las necesidades más profundas del hombre entre las cuales se encuentra la búsqueda de la comunión con el otro, con los otros y con el otro y debe permanecer abierta a la trascendencia y los valores
Kaydedildi:
| Diğer Yazarlar: | |
|---|---|
| Materyal Türü: | Kitap |
| Dil: | Spanish |
| Baskı/Yayın Bilgisi: |
Bogotá:
Cooperativa Editorial Magisterio,
1995?
|
| Seri Bilgileri: | Colección mesa redonda;
No. 12 |
| Konular: | |
| Online Erişim: | Enlace del recurso |
| Etiketler: |
Etiketle
Etiket eklenmemiş, İlk siz ekleyin!
|
MARC
| LEADER | 00000nam a2200000 a 4500 | ||
|---|---|---|---|
| 001 | 000733 | ||
| 008 | 030903q1995 ck # fr# #000|0#spa#d | ||
| 020 | |a 958-20-0021-12 | ||
| 041 | 0 | |a spa | |
| 043 | |a s-ck--- | ||
| 082 | 0 | 4 | |a 613.9071 |b S298s |
| 245 | 0 | 0 | |a Sexualidad y educación: |b abriendo caminos |c Gladys Helena Villegas ... [et al.] |
| 260 | |a Bogotá: |b Cooperativa Editorial Magisterio, |c 1995? | ||
| 300 | |a 115 p. | ||
| 440 | 0 | |a Colección mesa redonda; |v No. 12 | |
| 504 | |a Incluye bibliografía. | ||
| 520 | 3 | |a La educación sexual ha de realizarse teniendo en cuenta las necesidades más profundas del hombre entre las cuales se encuentra la búsqueda de la comunión con el otro, con los otros y con el otro y debe permanecer abierta a la trascendencia y los valores | |
| 650 | 1 | 4 | |a EDUCACIÓN SEXUAL |z AMÉRICA LATINA |
| 650 | 1 | 4 | |a EDUCACIÓN EN VALORES |
| 700 | 1 | |a Villegas, Gladys Helena | |
| 999 | |c 2885 |d 2885 | ||
| 856 | |u https://catalogo.idep.edu.co/cgi-bin/koha/opac-detail.pl?biblionumber=2885 |z Enlace del recurso | ||